000 02163nam a2200277 4500
003 co-ctgcurn
005 20250405174608.0
008 180403s2025 000 0 eng d
040 _aCO-CtgCURN
_bspa
_ccoctgcurn
082 0 _aODO 2024
_bM843
100 1 _aMoreno Rivera, Daniela.
245 1 0 _aHallazgos histológicos en biopsia de encía, asociados al corte con láser de diodo y electrobisturí 940nm de longitud de onda. /
_cDaniela Moreno Rivera; Michelle Pérez Rey; Marcela Alejandra Sánchez Arroyo; David Esteban Vega Santana; asesor Jennifer Orozco Páez; Víctor Simancas Escorcia.
260 _aCartagena de Indias :
_bCorporación Universitaria Rafael Nuñez,
_c2025.
300 _a63 hojas.
504 _aTrabajo de grado (Odontología). Corporación Universitaria Rafael Nuñez. Facultad de Ciencias de la Salud. Odontología, 2024.
520 _a"El láser (Light Amplification by Stimulated Emission of Radiation) es una tecnología que emite luz monocromática en una longitud de onda específica, se ha convertido en una herramienta versátil en odontología, permitiendo aplicaciones tanto terapéuticas como quirúrgicas. Su uso incluye la sustitución de instrumentos tradicionales como el bisturí frío. De forma similar, el electrobisturí, que emplea corriente eléctrica de alta frecuencia, se utiliza en procedimientos quirúrgicos de tejidos blandos, ofreciendo precisión y control del sangrado. Este estudio compara los efectos histológicos del láser de diodo (940 nm) y el electrobisturí en resecciones gingivales estéticas. "
650 0 _aOdontología
_vTesis y disertaciones academicas.
700 1 _aPérez Rey, Michelle.
700 1 _aSánchez Arroyo, Marcela Alejandra.
700 1 _aVega Santana, David Esteban.
700 1 _aOrozco Páez, Jennifer,
_eAsesor.
700 1 _aSimancas Escorcia, Víctor,
_eAsesor.
856 _uhttps://unicurn.sharepoint.com/:b:/s/biblioteca/Eaz5etZdmhhKgvXxGbI1dPIBQZ__D4mjZ-4G9eKBQ7RkOg?e=6dpH3e
_zClick aqui para ver el recurso en texto completo
942 _2ddc
_cTG
_hODO 2024
_iM843
999 _c29531
_d29531